[Event "Mittelfranken-chTB2a 1314"]
[Site "Mittelfranken"]
[Date "2014.03.30"]
[Round "8.6"]
[White "Metzenroth, Dieter"]
[Black "Holzschuh, Tobias"]
[Result "1-0"]
[WhiteElo "1683"]
[BlackElo "1655"]
[PlyCount "93"]
[EventDate "2013.10.20"]
[EventType "team-tourn"]
[EventRounds "9"]
[EventCountry "GER"]
[SourceTitle "EXT 2020"]
[Source "ChessBase"]
[SourceDate "2019.10.17"]
[SourceVersion "1"]
[SourceVersionDate "2019.10.17"]
[SourceQuality "1"]
[WhiteTeam "Cadolzburg"]
[BlackTeam "Fuerth SF II"]
[WhiteTeamCountry "GER"]
[BlackTeamCountry "GER"]

1. Nf3 d5 2. c4 d4 3. e3 c5 4. exd4 cxd4 5. b3 Nc6 6. d3 e5 7. a3 Nge7 8. b4 a6 9. g3 Ng6 10. Bg2 Be7 11. 0-0 0-0 12. Re1 f6 13. Bb2 Be6 14. Nbd2 Qd7 15. Nb3 Bd6 16. Nfxd4 Nxd4 17. Nxd4 Bf7 18. Nb3 Rad8 19. c5 Bb8 20. Na5 Bd5 21. Bxd5+ Qxd5 22. Qc2 Rf7 23. Rad1 Rc7 24. Qe2 Re7 25. Qe4 Qa2 26. Re2 Kh8 27. Nxb7 f5 28. Qc6 Re6 29. Nxd8 Rxc6 30. Nxc6 Bc7 31. Rde1 Qd5 32. Nxe5 Bxe5 33. Bxe5 h6 34. f4 Kg8 35. d4 Kf7 36. Rc1 Qe6 37. Rd2 Ne7 38. Bd6 Nc8 39. d5 Qe8 40. Be5 Qa4 41. Rc3 a5 42. d6 axb4 43. axb4 Nxd6 44. cxd6 Qa7+ 45. Rc5 Ke8 46. d7+ Kd8 47. Bc7+ 1-0

[Event "Mittelfranken-chTB2a 1314"]
[Site "Mittelfranken"]
[Date "2013.10.20"]
[Round "1.5"]
[White "Holzschuh, Tobias"]
[Black "Schilay, Andre"]
[Result "1-0"]
[WhiteElo "1655"]
[BlackElo "1706"]
[PlyCount "47"]
[EventDate "2013.10.20"]
[EventType "team-tourn"]
[EventRounds "9"]
[EventCountry "GER"]
[SourceTitle "EXT 2020"]
[Source "ChessBase"]
[SourceDate "2019.10.17"]
[SourceVersion "1"]
[SourceVersionDate "2019.10.17"]
[SourceQuality "1"]
[WhiteTeam "Fuerth SF II"]
[BlackTeam "Neumarkt II"]
[WhiteTeamCountry "GER"]
[BlackTeamCountry "GER"]

1. d4 d5 2. c4 c6 3. Nc3 e5 4. cxd5 cxd5 5. dxe5 d4 6. Ne4 Qa5+ 7. Bd2 Qxe5 8. Rc1 Nc6 9. Ng3 Bg4 10. h3 Be6 11. Nf3 Qf6 12. Qa4 Bd5 13. Qb5 Bxf3 14. exf3 Qe7+ 15. Be2 a6 16. Qd3 Nf6 17. 0-0 Qd7 18. Rfe1 Be7 19. Bd1 0-0 20. a3 Bd6 21. Ne4 Be7 22. Bc2 Ne5 23. Nxf6+ Bxf6 24. Qxh7# 1-0

[Event "Mittelfranken-chTB2a 1213"]
[Site "Germany"]
[Date "2013.03.10"]
[Round "8.4"]
[White "Holzschuh, Tobias"]
[Black "Hofer, Stefan1"]
[Result "0-1"]
[WhiteElo "1671"]
[BlackElo "1810"]
[PlyCount "134"]
[EventDate "2012.10.07"]
[EventType "team-tourn"]
[EventRounds "9"]
[EventCountry "GER"]
[SourceTitle "EXT 2019"]
[Source "ChessBase"]
[SourceDate "2018.10.10"]
[SourceVersion "1"]
[SourceVersionDate "2018.10.10"]
[SourceQuality "1"]
[WhiteTeam "Fuerth SF II"]
[BlackTeam "Cadolzburg"]
[WhiteTeamCountry "GER"]
[BlackTeamCountry "GER"]

1. c4 Nf6 2. Nc3 g6 3. g3 Bg7 4. Bg2 0-0 5. d4 d6 6. Nf3 Nbd7 7. 0-0 c6 8. e4 Qc7 9. Qe2 e5 10. d5 c5 11. Nb5 Qb6 12. a4 Ne8 13. a5 Qd8 14. Ng5 h6 15. Nh3 f5 16. exf5 gxf5 17. Qh5 Qf6 18. Bd2 Qf7 19. Qe2 Ndf6 20. Nc3 Nc7 21. Rfb1 f4 22. gxf4 Bf5 23. Rf1 Qg6 24. fxe5 Bxh3 25. f4 Bxg2 26. Qxg2 Qxg2+ 27. Kxg2 dxe5 28. fxe5 Nd7 29. e6 Ne5 30. b3 Rae8 31. Rad1 Nxe6 32. dxe6 Rxe6 33. Na4 Rg6+ 34. Kh1 b6 35. Bf4 Rf7 36. Bg3 Rxf1+ 37. Rxf1 Nd7 38. axb6 axb6 39. Rd1 Bd4 40. Re1 Kf7 41. Kg2 Be5 42. Kh3 Bxg3 43. hxg3 Rd6 44. Re3 Nf8 45. Nc3 Ne6 46. Nd5 b5 47. g4 b4 48. Kg3 Ra6 49. Rf3+ Kg7 50. Rf6 Rd6 51. Rf3 Nd4 52. Re3 Ra6 53. Re7+ Kf8 54. Rc7 Nxb3 55. Kf4 Nd4 56. Ke3 Rc6 57. Rb7 Re6+ 58. Kf4 Re1 59. Ne3 b3 60. Nf5 Ne6+ 61. Kf3 Rb1 62. Nxh6 b2 63. Rb8+ Ke7 64. Nf5+ Kd7 65. Ne3 Kc7 66. Re8 Nd4+ 67. Ke4 Re1 0-1

[Event "Mittelfranken-chTB2a 1213"]
[Site "Germany"]
[Date "2012.12.02"]
[Round "4.4"]
[White "Holzschuh, Tobias"]
[Black "Diller, Peter"]
[Result "0-1"]
[WhiteElo "1671"]
[BlackElo "2021"]
[PlyCount "78"]
[EventDate "2012.10.07"]
[EventType "team-tourn"]
[EventRounds "9"]
[EventCountry "GER"]
[SourceTitle "EXT 2019"]
[Source "ChessBase"]
[SourceDate "2018.10.10"]
[SourceVersion "1"]
[SourceVersionDate "2018.10.10"]
[SourceQuality "1"]
[WhiteTeam "Fuerth SF II"]
[BlackTeam "Rothenburg"]
[WhiteTeamCountry "GER"]
[BlackTeamCountry "GER"]

1. c4 f5 2. Nc3 e6 3. g3 Nf6 4. Bg2 Be7 5. Nf3 0-0 6. 0-0 c6 7. d4 d6 8. Qd3 Na6 9. a3 Nc7 10. e4 d5 11. exd5 exd5 12. Bf4 dxc4 13. Qxc4+ Be6 14. Qe2 Nfd5 15. Nxd5 Bxd5 16. Rfe1 Bd6 17. Be5 Qd7 18. Rac1 Rae8 19. Qc2 Ne6 20. Qa4 a6 21. Qa5 f4 22. g4 Bxf3 23. Bxf3 Bxe5 24. dxe5 Ng5 25. Bd1 f3 26. Bb3+ Kh8 27. Qb4 Nh3+ 28. Kh1 Nxf2+ 29. Kg1 Nd3 30. Red1 Qe7 31. Rxd3 Qxe5 32. Qd2 f2+ 33. Kg2 Qe4+ 34. Kg3 f1N+ 35. Rxf1 Rxf1 36. Kh4 Re1 37. Bc2 Re2 38. Qc3 Rxh2+ 39. Kg3 Rg2+ 0-1

[Event "Mittelfranken-chTB2a 1213"]
[Site "Germany"]
[Date "2012.11.18"]
[Round "3.3"]
[White "Horneber, Thomas"]
[Black "Holzschuh, Tobias"]
[Result "1-0"]
[WhiteElo "1948"]
[BlackElo "1671"]
[PlyCount "75"]
[EventDate "2012.10.07"]
[EventType "team-tourn"]
[EventRounds "9"]
[EventCountry "GER"]
[SourceTitle "EXT 2019"]
[Source "ChessBase"]
[SourceDate "2018.10.10"]
[SourceVersion "1"]
[SourceVersionDate "2018.10.10"]
[SourceQuality "1"]
[WhiteTeam "Heilsbronn"]
[BlackTeam "Fuerth SF II"]
[WhiteTeamCountry "GER"]
[BlackTeamCountry "GER"]

1. d4 d5 2. Nf3 Nf6 3. e3 e6 4. Bd3 c5 5. b3 cxd4 6. exd4 Nc6 7. 0-0 Be7 8. Nbd2 0-0 9. Bb2 Bd7 10. Ne5 Rc8 11. c3 a6 12. Qe2 Nxe5 13. dxe5 Ne8 14. Kh1 f5 15. Nf3 g6 16. Nd4 Ng7 17. Rad1 Qa5 18. a4 Qb6 19. Ra1 Rfd8 20. a5 Qc7 21. b4 Bc6 22. Rfb1 Qd7 23. Bc1 Qc7 24. Bh6 Bd7 25. Bd2 Rf8 26. f4 Qd8 27. b5 axb5 28. Bxb5 Bxb5 29. Rxb5 Qd7 30. Rab1 Rc7 31. Qd1 Bc5 32. Be3 Ra8 33. Qb3 Ra7 34. Nxf5 Nxf5 35. Bxc5 Ra6 36. Bb6 Rc4 37. Rb4 Ne3 38. Bxe3 1-0

[Event "Mittelfranken-chTB2a 1112"]
[Site "Germany"]
[Date "2012.03.25"]
[Round "9.6"]
[White "Holzschuh, Tobias"]
[Black "Kroeger, Joachim"]
[Result "1-0"]
[WhiteElo "1671"]
[BlackElo "1649"]
[PlyCount "51"]
[EventDate "2011.09.25"]
[EventType "team-tourn"]
[EventRounds "9"]
[EventCountry "GER"]
[SourceTitle "EXT 2018"]
[Source "ChessBase"]
[SourceDate "2017.10.13"]
[SourceVersion "1"]
[SourceVersionDate "2017.10.13"]
[SourceQuality "1"]
[WhiteTeam "Fuerth SF II"]
[BlackTeam "Rothenburg"]
[WhiteTeamCountry "GER"]
[BlackTeamCountry "GER"]

1. c4 Nf6 2. Nc3 c6 3. d4 d5 4. Nf3 dxc4 5. a4 Bf5 6. e3 e6 7. Bxc4 Bb4 8. 0-0 Nbd7 9. Nh4 Bg6 10. Nxg6 hxg6 11. Qe2 Nb6 12. Bd3 Nbd5 13. Bd2 Nxc3 14. bxc3 Ba5 15. Rab1 Rb8 16. e4 Bc7 17. e5 Nd5 18. g3 Ba5 19. Rfc1 0-0 20. h4 Ne7 21. Bg5 Qd7 22. h5 gxh5 23. Qxh5 g6 24. Qh6 Bd8 25. Bf6 Nf5 26. Qh8# 1-0

[Event "Mittelfranken-chTB2a 1112"]
[Site "Germany"]
[Date "2012.01.15"]
[Round "5.7"]
[White "Schimmer, Alexander"]
[Black "Holzschuh, Tobias"]
[Result "0-1"]
[WhiteElo "1527"]
[BlackElo "1655"]
[PlyCount "80"]
[EventDate "2011.09.25"]
[EventType "team-tourn"]
[EventRounds "9"]
[EventCountry "GER"]
[SourceTitle "EXT 2013"]
[Source "ChessBase"]
[SourceDate "2012.11.22"]
[SourceVersion "1"]
[SourceVersionDate "2012.11.22"]
[SourceQuality "1"]
[WhiteTeam "Grossenseebach"]
[BlackTeam "Fuerth II"]
[WhiteTeamCountry "GER"]
[BlackTeamCountry "GER"]

1. e4 c5 2. Nf3 d6 3. Bc4 Nc6 4. d4 cxd4 5. Nxd4 Nf6 6. Nc3 e6 7. Be3 Be7 8. 0-0 0-0 9. Nf3 a6 10. Qe2 Qc7 11. Rad1 b5 12. Bd3 Bb7 13. Rfe1 Nb4 14. a3 Nxd3 15. cxd3 Rac8 16. Rc1 Qa5 17. Bd2 Qd8 18. d4 Nd7 19. e5 Nb6 20. Bf4 Nc4 21. Ne4 Qb6 22. exd6 Nxd6 23. Nc5 Bxf3 24. gxf3 Rfe8 25. Kh1 Nf5 26. Rg1 Bxc5 27. dxc5 Rxc5 28. Rxg7+ Nxg7 29. Rg1 e5 30. Qe3 Re6 31. Qe4 Qc6 32. Be3 Qxe4 33. fxe4 Rc2 34. f4 Rg6 35. fxe5 Rxg1+ 36. Kxg1 Rxb2 37. Bd4 Ra2 38. Bc5 Ne6 39. Bb4 Kg7 40. h4 Kg6 0-1

[Event "Mittelfranken-chTB2a 1112"]
[Site "Germany"]
[Date "2011.11.20"]
[Round "3.6"]
[White "Holzschuh, Tobias"]
[Black "Lechner, Hans Dieter"]
[Result "1/2-1/2"]
[WhiteElo "1655"]
[BlackElo "1795"]
[PlyCount "59"]
[EventDate "2011.09.25"]
[EventType "team-tourn"]
[EventRounds "9"]
[EventCountry "GER"]
[SourceTitle "EXT 2013"]
[Source "ChessBase"]
[SourceDate "2012.11.22"]
[SourceVersion "1"]
[SourceVersionDate "2012.11.22"]
[SourceQuality "1"]
[WhiteTeam "Fuerth II"]
[BlackTeam "Bechhofen II"]
[WhiteTeamCountry "GER"]
[BlackTeamCountry "GER"]

1. c4 Nf6 2. Nc3 e6 3. d4 d5 4. cxd5 exd5 5. Bg5 Be7 6. e3 Bf5 7. Bd3 Bxd3 8. Qxd3 a6 9. Nge2 0-0 10. 0-0 Nbd7 11. f3 c5 12. e4 dxe4 13. fxe4 cxd4 14. Nxd4 Ne5 15. Qd1 Qb6 16. Bxf6 Bxf6 17. Nd5 Qxd4+ 18. Qxd4 Nf3+ 19. gxf3 Bxd4+ 20. Kg2 Rad8 21. Rfd1 Bf6 22. Nxf6+ gxf6 23. Rac1 Rxd1 24. Rxd1 Rc8 25. Rd2 Rc5 26. Kg3 Kf8 27. Kf4 Ke7 28. a3 a5 29. a4 Rc4 30. b3 1/2-1/2

[Event "Mittelfranken-chTB2a 0910"]
[Site "Mittelfranken"]
[Date "2010.03.14"]
[Round "8.7"]
[White "Holzschuh, Tobias"]
[Black "Stephan, Michael"]
[Result "0-1"]
[WhiteElo "1697"]
[BlackElo "1800"]
[PlyCount "56"]
[EventDate "2009.10.11"]
[EventType "team-tourn"]
[EventRounds "9"]
[EventCountry "GER"]
[SourceTitle "EXT 2011"]
[Source "ChessBase"]
[SourceDate "2010.11.26"]
[SourceVersion "1"]
[SourceVersionDate "2010.11.26"]
[SourceQuality "1"]
[WhiteTeam "Fuerth SF II"]
[BlackTeam "Forchheim III"]
[WhiteTeamCountry "GER"]
[BlackTeamCountry "GER"]

1. c4 e5 2. Nc3 Nc6 3. g3 d6 4. Bg2 h5 5. Nf3 Be7 6. d3 h4 7. 0-0 hxg3 8. fxg3 Nd4 9. e3 Nxf3+ 10. Qxf3 Nf6 11. b4 c6 12. b5 Bg4 13. Qf2 Qd7 14. bxc6 bxc6 15. Rb1 Rc8 16. Ba3 Bh3 17. Bxh3 Rxh3 18. Ne4 c5 19. Nxf6+ Bxf6 20. Qf3 Bd8 21. Rb7 Rc7 22. Rfb1 Rh6 23. Bc1 Rf6 24. Qe4 Rxb7 25. Rxb7 Qa4 26. Rb3 Qa5 27. Kg2 Qe1 28. Rb2 Qf1# 0-1

[Event "Mittelfranken-chTB2a 0910"]
[Site "Mittelfranken"]
[Date "2010.01.10"]
[Round "5.6"]
[White "Habermann, Horst"]
[Black "Holzschuh, Tobias"]
[Result "1-0"]
[WhiteElo "1755"]
[BlackElo "1720"]
[PlyCount "85"]
[EventDate "2009.10.11"]
[EventType "team-tourn"]
[EventRounds "9"]
[EventCountry "GER"]
[SourceTitle "EXT 2011"]
[Source "ChessBase"]
[SourceDate "2010.11.26"]
[SourceVersion "1"]
[SourceVersionDate "2010.11.26"]
[SourceQuality "1"]
[WhiteTeam "Herzogenaurach"]
[BlackTeam "Fuerth SF II"]
[WhiteTeamCountry "GER"]
[BlackTeamCountry "GER"]

1. e4 c5 2. Nf3 d6 3. d4 cxd4 4. Nxd4 Nf6 5. Nc3 a6 6. Be2 e6 7. Be3 Be7 8. 0-0 0-0 9. Qd2 b5 10. a3 Bb7 11. f3 Nbd7 12. Rad1 Rc8 13. Nb3 d5 14. exd5 Nxd5 15. Nxd5 Bxd5 16. Nd4 Qc7 17. c3 Bd6 18. f4 Nf6 19. g3 Ne4 20. Qe1 f5 21. Bd3 Rf6 22. Bxe4 Bxe4 23. Qd2 Rd8 24. Qf2 Rg6 25. Rd2 Qe7 26. Nf3 h5 27. Rfd1 Bd5 28. Ne5 Bxe5 29. fxe5 h4 30. Rd4 hxg3 31. hxg3 Kf7 32. Qh2 Qb7 33. Rh4 Rc8 34. Rdd4 Rc4 35. Kf2 Rxd4 36. Bxd4 Bc4 37. Rh8 Qd5 38. Qh7 Rh6 39. Qg8+ Kg6 40. Qe8+ Kg5 41. Be3+ Kg4 42. Rxh6 gxh6 43. Qg6+ 1-0

[Event "Mittelfranken-chTB2a 0910"]
[Site "Mittelfranken"]
[Date "2009.12.06"]
[Round "4.7"]
[White "Kotz, Roland"]
[Black "Holzschuh, Tobias"]
[Result "1-0"]
[WhiteElo "1630"]
[BlackElo "1720"]
[PlyCount "79"]
[EventDate "2009.10.11"]
[EventType "team-tourn"]
[EventRounds "9"]
[EventCountry "GER"]
[SourceTitle "EXT 2011"]
[Source "ChessBase"]
[SourceDate "2010.11.26"]
[SourceVersion "1"]
[SourceVersionDate "2010.11.26"]
[SourceQuality "1"]
[WhiteTeam "Kirchehrenbach"]
[BlackTeam "Fuerth SF II"]
[WhiteTeamCountry "GER"]
[BlackTeamCountry "GER"]

1. f4 d5 2. Nf3 g6 3. e3 Bg7 4. Nc3 Nf6 5. b3 0-0 6. Bb2 c5 7. Be2 Nc6 8. 0-0 a6 9. Ne5 d4 10. Nxc6 bxc6 11. Na4 Qd6 12. Nb6 Ra7 13. Nc4 Qc7 14. exd4 Nd5 15. dxc5 Bxb2 16. Nxb2 Nxf4 17. Bf3 e5 18. b4 Be6 19. c4 Rd8 20. Qc2 Rd4 21. d3 Qd7 22. Rad1 a5 23. a3 axb4 24. axb4 Ra3 25. Na4 Nxd3 26. Nb6 Qc7 27. b5 cxb5 28. cxb5 Qxc5 29. Qxc5 Nxc5 30. Rxd4 exd4 31. Na8 Rb3 32. b6 f5 33. Rc1 Ne4 34. h3 d3 35. Bd1 d2 36. Ra1 Rc3 37. b7 Rc1 38. b8Q+ Kf7 39. Qb7+ Kf6 40. Qb2+ 1-0

[Event "Mittelfranken-chTB2a 0910"]
[Site "Mittelfranken"]
[Date "2009.10.11"]
[Round "1.6"]
[White "Schubert, Dieter"]
[Black "Holzschuh, Tobias"]
[Result "1-0"]
[WhiteElo "2065"]
[BlackElo "1720"]
[PlyCount "75"]
[EventDate "2009.10.11"]
[EventType "team-tourn"]
[EventRounds "9"]
[EventCountry "GER"]
[SourceTitle "EXT 2011"]
[Source "ChessBase"]
[SourceDate "2010.11.26"]
[SourceVersion "1"]
[SourceVersionDate "2010.11.26"]
[SourceQuality "1"]
[WhiteTeam "Zirndorf II"]
[BlackTeam "Fuerth SF II"]
[WhiteTeamCountry "GER"]
[BlackTeamCountry "GER"]

1. b3 d5 2. Bb2 c5 3. e3 Nc6 4. Nf3 Nf6 5. Bb5 e6 6. Bxc6+ bxc6 7. Ne5 Qb6 8. d3 Be7 9. Nd2 0-0 10. 0-0 Ne8 11. h3 f6 12. Ng4 e5 13. e4 Nd6 14. Ne3 Be6 15. c4 d4 16. Ng4 Nf7 17. Qe2 a5 18. a4 Qc7 19. Ba3 Rab8 20. f3 Nh8 21. g3 Ng6 22. Rae1 Bd6 23. Kg2 f5 24. exf5 Rxf5 25. Nf2 h5 26. h4 Rf4 27. Rh1 Rbf8 28. Nfe4 Qe7 29. Qf2 Rxf3 30. Nxf3 Bg4 31. Neg5 Bxf3+ 32. Nxf3 e4 33. Rxe4 Ne5 34. Rxe5 Bxe5 35. Re1 Qd6 36. Rxe5 Rxf3 37. Re8+ Rf8 38. Rxf8+ 1-0

[Event "Mittelfrankenliga-B2a 0506"]
[Site "Germany"]
[Date "2006.04.02"]
[Round "8.7"]
[White "Zimmer, Frank"]
[Black "Holzschuh, Tobias"]
[Result "0-1"]
[WhiteElo "1807"]
[BlackElo "1652"]
[PlyCount "60"]
[EventDate "2005.10.16"]
[EventType "team-tourn"]
[EventRounds "9"]
[EventCountry "GER"]
[SourceTitle "EXT 2007"]
[Source "ChessBase"]
[SourceDate "2006.11.23"]
[SourceVersion "1"]
[SourceVersionDate "2006.11.23"]
[SourceQuality "1"]

1. e4 c5 2. d4 cxd4 3. c3 dxc3 4. Nxc3 Nc6 5. Nf3 Nf6 6. Bc4 e6 7. Qe2 d6 8. 0-0 Be7 9. Rd1 e5 10. a3 0-0 11. Be3 Be6 12. Bxe6 fxe6 13. Qc4 Qc8 14. Rac1 a6 15. Qb3 b5 16. Nxb5 axb5 17. Qxb5 Ra6 18. Rc4 Nd7 19. Rdc1 Ndb8 20. Ne1 Qc7 21. Nd3 Ra5 22. Qb3 Qd7 23. Qc3 Ra6 24. b4 d5 25. exd5 exd5 26. b5 d4 27. bxc6 Nxc6 28. Qb3 Rxa3 29. Qb5 Rxd3 30. Rxc6 dxe3 0-1

[Event "Mittelfrankenliga-B2a 0506"]
[Site "Germany"]
[Date "2006.02.12"]
[Round "6.6"]
[White "Holzschuh, Tobias"]
[Black "Hetzner, Andreas"]
[Result "0-1"]
[WhiteElo "1652"]
[BlackElo "1777"]
[PlyCount "52"]
[EventDate "2005.10.16"]
[EventType "team-tourn"]
[EventRounds "9"]
[EventCountry "GER"]
[SourceTitle "EXT 2007"]
[Source "ChessBase"]
[SourceDate "2006.11.23"]
[SourceVersion "1"]
[SourceVersionDate "2006.11.23"]
[SourceQuality "1"]

1. d4 e6 2. Nf3 d5 3. c4 Bb4+ 4. Nc3 Nf6 5. e3 Ne4 6. Qc2 0-0 7. a3 Bxc3+ 8. bxc3 Nd7 9. Bd3 Ndf6 10. 0-0 b6 11. cxd5 exd5 12. a4 Bb7 13. Ba3 Re8 14. Ne5 a6 15. c4 c5 16. Nf3 Rc8 17. Rab1 cxd4 18. Nxd4 dxc4 19. Be2 c3 20. Rfd1 Nd2 21. Nb3 Be4 22. Rxd2 cxd2 23. Qd1 Bxb1 24. Qxb1 Rc3 25. Bb4 Rc1+ 26. Nxc1 d1Q+ 0-1

[Event "Mittelfrankenliga-B2a 0506"]
[Site "Germany"]
[Date "2005.12.04"]
[Round "3.6"]
[White "Schwarm, Werner"]
[Black "Holzschuh, Tobias"]
[Result "1-0"]
[WhiteElo "1809"]
[BlackElo "1652"]
[PlyCount "41"]
[EventDate "2005.10.16"]
[EventType "team-tourn"]
[EventRounds "9"]
[EventCountry "GER"]
[SourceTitle "EXT 2007"]
[Source "ChessBase"]
[SourceDate "2006.11.23"]
[SourceVersion "1"]
[SourceVersionDate "2006.11.23"]
[SourceQuality "1"]

1. e4 c5 2. Nc3 Nc6 3. g3 Nf6 4. Bg2 e6 5. Nge2 d5 6. exd5 exd5 7. d4 Be6 8. 0-0 h6 9. Re1 Be7 10. Be3 c4 11. Nf4 Qd7 12. Nxe6 fxe6 13. Bf4 0-0 14. Bh3 Kf7 15. Bxe6+ Qxe6 16. Rxe6 Kxe6 17. Qe2+ Kd7 18. Re1 Rfe8 19. Qe6+ Kd8 20. Nxd5 Nxd5 21. Qxd5+ 1-0

[Event "Mittelfrankenliga-B2a 0506"]
[Site "Germany"]
[Date "2005.11.20"]
[Round "2.7"]
[White "Holzschuh, Tobias"]
[Black "Moesl, Sebastian"]
[Result "0-1"]
[WhiteElo "1639"]
[BlackElo "1759"]
[PlyCount "116"]
[EventDate "2005.10.16"]
[EventType "team-tourn"]
[EventRounds "9"]
[EventCountry "GER"]
[SourceTitle "EXT 2007"]
[Source "ChessBase"]
[SourceDate "2006.11.23"]
[SourceVersion "1"]
[SourceVersionDate "2006.11.23"]
[SourceQuality "1"]

1. d4 d5 2. Nf3 Nf6 3. c4 e6 4. Nc3 Nbd7 5. e3 c6 6. c5 Qc7 7. b4 Be7 8. Be2 0-0 9. Nd2 e5 10. 0-0 Re8 11. Nb3 Nf8 12. dxe5 Qxe5 13. Bb2 Bd8 14. Na4 Qg5 15. Nd4 Bh3 16. Bf3 Ng6 17. Kh1 Bc7 18. Nxc6 Bxg2+ 19. Bxg2 bxc6 20. Bxf6 Qxf6 21. Qf3 Qe5 22. Qh3 Nf8 23. Rfd1 Re6 24. Kg1 Rh6 25. Qg3 Qxa1 26. Rxa1 Bxg3 27. hxg3 Rb8 28. a3 f5 29. Nc3 a6 30. Bf1 Ra8 31. Na4 Nd7 32. Rc1 Re6 33. Kg2 g6 34. Bd3 Kg7 35. Nb6 Nxb6 36. cxb6 Rb8 37. b7 Rxb7 38. Bxa6 Ra7 39. Bc8 Rd6 40. Rc3 Kf6 41. g4 fxg4 42. Bxg4 Ke7 43. f4 Rf6 44. Kg3 Kd6 45. Bd1 Rb7 46. Ba4 Rb6 47. Bc2 Rf7 48. Kg4 Rc7 49. Bd3 c5 50. bxc5+ Rxc5 51. Rc2 Rxc2 52. Bxc2 Rc6 53. Bd1 Rc3 54. a4 Rxe3 55. Kg5 d4 56. Bg4 d3 57. a5 Rg3 58. Kh4 Rxg4+ 0-1

[Event "Mittelfranken-ch QT 49th"]
[Site "Ansbach"]
[Date "2000.??.??"]
[Round "1"]
[White "Holzschuh, Tobias"]
[Black "Hoffmann, Michael5"]
[Result "0-1"]
[WhiteElo "1563"]
[BlackElo "1852"]
[PlyCount "88"]
[EventDate "2000.04.19"]
[EventType "swiss"]
[EventRounds "7"]
[EventCountry "GER"]
[SourceTitle "EXT 2015"]
[Source "ChessBase"]
[SourceDate "2014.11.20"]
[SourceVersion "1"]
[SourceVersionDate "2014.11.20"]
[SourceQuality "1"]

1. e4 c5 2. Nf3 Nc6 3. d4 cxd4 4. Nxd4 e6 5. Nb5 d6 6. c4 a6 7. N5c3 Nf6 8. Be2 Be7 9. 0-0 0-0 10. Be3 Qc7 11. Nd2 Rb8 12. Rc1 b6 13. f4 Bb7 14. Qb3 Ba8 15. Kh1 e5 16. Nd5 Qd7 17. f5 Na5 18. Qc2 Bxd5 19. cxd5 Rfc8 20. Qb1 b5 21. b3 Bd8 22. Rxc8 Rxc8 23. Rc1 Nb7 24. Bf3 Ba5 25. b4 Rxc1+ 26. Qxc1 Bxb4 27. Nb3 Na5 28. Bb6 Nc4 29. Bf2 a5 30. Be1 Bxe1 31. Qxe1 Qc7 32. Qc3 a4 33. Nd2 Nd7 34. Bd1 Ndb6 35. g4 Qc5 36. Nxc4 Nxc4 37. Be2 Kf8 38. h3 Ke7 39. Qc1 h6 40. Bxc4 Qxc4 41. Qb1 b4 42. Kg1 b3 43. axb3 axb3 44. Qb2 Qd4+ 0-1